[Event "Ruhrgebiet Verbandsliga Gruppe 2 1516"]
[Site "Germany"]
[Date "2015.09.27"]
[Round "2.5"]
[White "Krueger, Sven"]
[Black "Mueller, Martin"]
[Result "0-1"]
[WhiteElo "1936"]
[BlackElo "2008"]
[PlyCount "96"]
[EventDate "2015.09.06"]
[EventType "team-tourn"]
[EventRounds "9"]
[EventCountry "GER"]
[SourceTitle "EXT 2022"]
[Source "ChessBase"]
[SourceDate "2021.10.06"]
[SourceVersion "1"]
[SourceVersionDate "2021.10.06"]
[SourceQuality "1"]
[WhiteTeam "Brackel SF II"]
[BlackTeam "Wanne-Eickel SV Unser Fritz"]
[WhiteTeamCountry "GER"]
[BlackTeamCountry "GER"]

1. e4 e6 2. d3 d5 3. Nd2 g6 4. Ngf3 Bg7 5. g3 Ne7 6. Bg2 0-0 7. 0-0 c5 8. Re1 Nbc6 9. e5 b5 10. h4 h6 11. Nf1 Rb8 12. Bf4 c4 13. d4 b4 14. c3 Kh7 15. N1h2 Rb7 16. Bh3 Bd7 17. Qc2 Qb6 18. Bc1 Qa5 19. Qd2 Nc8 20. Ng4 bxc3 21. bxc3 h5 22. Nf6+ Kh8 23. Qc2 N6e7 24. Bg5 Ng8 25. Reb1 Nb6 26. g4 hxg4 27. Bxg4 Rfb8 28. h5 Ba4 29. Qc1 Nd7 30. Rxb7 Rxb7 31. Nxg8 gxh5 32. Bxh5 Kxg8 33. Kh2 Nf8 34. Bf6 Ng6 35. Nh4 Be8 36. Qd2 Qa3 37. Rc1 Rb2 38. Rc2 Rxc2 39. Qxc2 Nf4 40. Bxg7 Kxg7 41. Bg4 Nd3 42. Be2 Ba4 43. Qb1 Qxc3 44. Qg1+ Kf8 45. Qg5 Qxd4 46. Ng6+ fxg6 47. Qd8+ Be8 48. Qf6+ Bf7 0-1

[Event "NRW Verbandsklasse Group1 1314"]
[Site "Nordrheinwestfalen"]
[Date "2013.10.13"]
[Round "2.5"]
[White "Althoff, Christoph"]
[Black "Krueger, Sven"]
[Result "0-1"]
[WhiteElo "1895"]
[BlackElo "2027"]
[PlyCount "54"]
[EventDate "2013.09.08"]
[EventType "team-tourn"]
[EventRounds "9"]
[EventCountry "GER"]
[SourceTitle "EXT 2020"]
[Source "ChessBase"]
[SourceDate "2019.10.17"]
[SourceVersion "1"]
[SourceVersionDate "2019.10.17"]
[SourceQuality "1"]
[WhiteTeam "Oberhausen SV III"]
[BlackTeam "Katernberg SF III"]
[WhiteTeamCountry "GER"]
[BlackTeamCountry "GER"]

1. e4 c6 2. d4 d5 3. exd5 cxd5 4. Bd3 Nc6 5. c3 Qc7 6. Ne2 Bg4 7. Qc2 Bxe2 8. Qxe2 Nxd4 9. Qe3 Nc6 10. 0-0 Nf6 11. Na3 a6 12. Re1 e6 13. Nc2 Bd6 14. h3 Ne5 15. Bf1 Ne4 16. Qe2 h5 17. Nd4 Ng4 18. f4 Bxf4 19. Bxf4 Qxf4 20. Nf3 Qg3 21. Qc2 Ngf2 22. Qa4+ Kf8 23. Rxe4 Nxh3+ 24. Kh1 Nf2+ 25. Kg1 dxe4 26. Qb4+ Kg8 27. Qxb7 Rb8 0-1

[Event "Ruhrgebiet VK3 1112"]
[Site "Nordrheinwestfalen"]
[Date "2012.03.25"]
[Round "8"]
[White "Krueger, Sven"]
[Black "Dahlbeck, Mirko"]
[Result "1-0"]
[WhiteElo "1900"]
[BlackElo "1724"]
[PlyCount "75"]
[EventDate "2012.09.18"]
[EventType "team-tourn"]
[EventRounds "9"]
[EventCountry "GER"]
[SourceTitle "EXT 2020"]
[Source "ChessBase"]
[SourceDate "2019.10.17"]
[SourceVersion "1"]
[SourceVersionDate "2019.10.17"]
[SourceQuality "1"]
[WhiteTeam "Brackel SF II"]
[BlackTeam "Sport Union Annen"]
[WhiteTeamCountry "GER"]
[BlackTeamCountry "GER"]

1. e4 e6 2. d3 d5 3. Nd2 Nf6 4. Ngf3 c5 5. g3 b6 6. Bg2 Bb7 7. e5 Nfd7 8. 0-0 Nc6 9. Re1 Be7 10. h4 0-0 11. Nf1 f6 12. exf6 Rxf6 13. Ng5 Nf8 14. Qh5 Qc7 15. Rxe6 Rxe6 16. Qf7+ Kh8 17. Nxe6 Qe5 18. Ng5 Nd4 19. c3 Ne2+ 20. Kh1 Nxc1 21. Rxc1 Bxg5 22. hxg5 Bc6 23. Ne3 Ne6 24. Qf5 Qd6 25. Kg1 Rf8 26. Qg4 Qe5 27. Re1 Nd8 28. Nc2 Qd6 29. d4 Qg6 30. Ne3 Qf7 31. Qf4 Qxf4 32. gxf4 Rxf4 33. Nxd5 Rg4 34. Kf1 Rxg5 35. Nf4 Bxg2+ 36. Nxg2 Kg8 37. Re8+ Kf7 38. Rxd8 1-0

[Event "Ruhrgebiet VL1 0708"]
[Site "Germany"]
[Date "2007.11.18"]
[Round "3.8"]
[White "Verfuerth, Christian"]
[Black "Krueger, Sven"]
[Result "1/2-1/2"]
[WhiteElo "2012"]
[BlackElo "1807"]
[PlyCount "91"]
[EventDate "2007.09.02"]
[EventType "team"]
[EventRounds "9"]
[EventCountry "GER"]
[SourceTitle "EXT 2009"]
[Source "ChessBase"]
[SourceDate "2008.11.26"]
[SourceVersion "1"]
[SourceVersionDate "2008.11.26"]
[SourceQuality "1"]
[WhiteTeam "Horst Emscher"]
[BlackTeam "Dortmund Brackel II"]
[WhiteTeamCountry "GER"]
[BlackTeamCountry "GER"]

1. d4 Nf6 2. Nf3 g6 3. Nbd2 Bg7 4. e4 d6 5. Bd3 0-0 6. 0-0 Nbd7 7. Re1 e5 8. c3 Re8 9. Nf1 c5 10. d5 Nh5 11. Ng3 Nf4 12. Bf1 Nf8 13. Qc2 g5 14. Be3 g4 15. Nd2 h5 16. b4 cxb4 17. cxb4 h4 18. Ne2 N8g6 19. Rac1 Qf6 20. Nb3 Kh8 21. Red1 Rg8 22. Nxf4 Nxf4 23. Bxf4 Qxf4 24. Nd2 Bh6 25. Nc4 Qf6 26. Ne3 g3 27. Qe2 gxh2+ 28. Kxh2 Qf4+ 29. Kg1 Bg4 30. Nxg4 Rxg4 31. Rc3 Rag8 32. Rh3 Qxe4 33. Qxe4 Rxe4 34. a3 Rc8 35. g3 Bg5 36. Bg2 Rec4 37. Kf1 Rg4 38. Bf3 Rgc4 39. Be2 Rc3 40. Rd3 Rxd3 41. Bxd3 Rc3 42. gxh4 Bf4 43. Bf5 Rxh3 44. Bxh3 Kg7 45. Kg2 Kg6 46. Bd7 1/2-1/2

[Event "Dortmund1"]
[Site "Dortmund"]
[Date "2006.10.05"]
[Round "1.1"]
[White "Herrmann, Rudolf"]
[Black "Krueger, Sven"]
[Result "1/2-1/2"]
[WhiteElo "1306"]
[BlackElo "1271"]
[PlyCount "66"]
[EventDate "2006.10.15"]
[EventType "swiss"]
[EventRounds "9"]
[EventCountry "GER"]
[SourceTitle "EXT 2007"]
[Source "ChessBase"]
[SourceDate "2006.11.23"]
[SourceVersion "1"]
[SourceVersionDate "2006.11.23"]
[SourceQuality "1"]

1. d4 Nf6 2. Nf3 e6 3. c4 b6 4. Nc3 Bb7 5. h3 Na6 6. a3 Be7 7. e3 0-0 8. Be2 Rc8 9. 0-0 c5 10. d5 exd5 11. Nxd5 Nxd5 12. cxd5 d6 13. e4 Nc7 14. Bd2 f5 15. Qc2 fxe4 16. Ne1 b5 17. Ba5 c4 18. Bg4 Rb8 19. Bxc7 Qxc7 20. Be6+ Kh8 21. Qxe4 Rbe8 22. Nf3 Bf6 23. Rab1 Qa5 24. h4 Bc8 25. Ng5 Bxg5 26. hxg5 Qd2 27. f4 Bxe6 28. dxe6 d5 29. Qe5 d4 30. e7 Rf7 31. Qxb5 Rfxe7 32. Qxc4 Re2 33. Qd5 R8e4 1/2-1/2

[Event "Dortmund2"]
[Site "Dortmund"]
[Date "2006.05.24"]
[Round "8"]
[White "Krueger, Sven"]
[Black "Skoecz, Stefan"]
[Result "1/2-1/2"]
[WhiteElo "1218"]
[BlackElo "1231"]
[PlyCount "84"]
[EventDate "2006.04.25"]
[EventType "tourn"]
[EventRounds "11"]
[EventCountry "GER"]
[SourceTitle "EXT 2007"]
[Source "ChessBase"]
[SourceDate "2006.11.23"]
[SourceVersion "1"]
[SourceVersionDate "2006.11.23"]
[SourceQuality "1"]

1. e4 e5 2. Nf3 Nf6 3. Nc3 Bb4 4. Bc4 Bxc3 5. bxc3 d5 6. exd5 Nxd5 7. Ba3 Bg4 8. 0-0 e4 9. Qe1 Bxf3 10. gxf3 Qg5+ 11. Kh1 Ne7 12. Qxe4 Nbc6 13. Rfe1 Rd8 14. d4 Rd7 15. Bd3 g6 16. Bc1 Qf6 17. Bh6 Qf5 18. Qxf5 gxf5 19. Bxf5 Rd6 20. Bf4 Rf6 21. Be5 Nxe5 22. Rxe5 Rxf5 23. Rae1 Rxe5 24. dxe5 Nd5 25. Re4 Nxc3 26. Rc4 Nd5 27. f4 Rg8 28. h3 c6 29. Ra4 a6 30. Rd4 Kd7 31. c4 Ke6 32. cxd5+ cxd5 33. Kh2 f5 34. exf6 Kxf6 35. Rxd5 Re8 36. Kg3 Re2 37. Rd7 b5 38. Rd6+ Re6 39. Rxe6+ Kxe6 40. Kf3 Kf5 41. Ke3 h5 42. a3 a5 1/2-1/2

[Event "Dortmund-ch"]
[Site "Dortmund"]
[Date "2005.03.10"]
[Round "6"]
[White "Krueger, Sven"]
[Black "Koch, Roland"]
[Result "0-1"]
[WhiteElo "1233"]
[BlackElo "1399"]
[PlyCount "50"]
[EventDate "2005.02.28"]
[EventType "swiss"]
[EventRounds "9"]
[EventCountry "GER"]
[SourceTitle "CBM 105 Extra"]
[Source "ChessBase"]
[SourceDate "2005.05.01"]
[SourceVersion "1"]
[SourceVersionDate "2005.05.01"]
[SourceQuality "1"]

1. d4 d6 2. c4 Bf5 3. Nc3 Nd7 4. e4 Bg6 5. Bd3 e6 6. Nf3 Be7 7. 0-0 Nb6 8. Be3 c6 9. Rc1 Nf6 10. h3 0-0 11. Re1 Nfd7 12. b3 f5 13. exf5 Bxf5 14. Bxf5 exf5 15. Bg5 Bxg5 16. Rc2 h6 17. Rce2 Qc7 18. Nxg5 hxg5 19. c5 dxc5 20. dxc5 Nxc5 21. Re7 Qd8 22. Qh5 Qd6 23. Qxg5 Qf6 24. Qxf6 Rxf6 25. b4 Ncd7 0-1

[Event "Dortmund ABC Serie Anfaenger-22"]
[Site "Dortmund"]
[Date "2004.11.19"]
[Round "10"]
[White "Maffei, Hendrik"]
[Black "Krueger, Sven"]
[Result "1-0"]
[WhiteElo "1100"]
[BlackElo "1206"]
[PlyCount "33"]
[EventDate "2004.10.06"]
[EventType "tourn"]
[EventRounds "11"]
[EventCountry "GER"]
[SourceTitle "EXT 2006"]
[Source "ChessBase"]
[SourceDate "2005.11.24"]
[SourceVersion "1"]
[SourceVersionDate "2005.11.24"]
[SourceQuality "1"]

1. Nf3 Nf6 2. g3 d5 3. Bg2 c6 4. d3 Bg4 5. b3 e6 6. c4 Nbd7 7. Nc3 Bc5 8. 0-0 d4 9. Na4 e5 10. Nxc5 Nxc5 11. Nxe5 Qc7 12. Nxg4 Nxg4 13. e4 dxe3 14. Qxg4 0-0 15. Bxe3 Nxd3 16. Rad1 Nxf2 17. Bxf2 1-0